|
|
|
|
| LEADER |
00711cam a2200193 7i4500 |
| 001 |
0000040561 |
| 005 |
20170218090000.0 |
| 020 |
|
|
|a 9780137067817 (pbk. ; international ed.)
|
| 020 |
|
|
|a 013706781x (pbk. ; international ed.)
|
| 090 |
0 |
0 |
|a QA76.73.C153
|b F45 2011
|
| 100 |
1 |
|
|a Friedman, Frank L
|
| 245 |
1 |
0 |
|a Problem solving, abstraction, & design using C++
|c Frank L. Friedman, Elliot B. Koffman.
|
| 250 |
|
|
|a 6th ed.
|
| 260 |
|
|
|a Boston:
|b Pearson,
|c 2011.
|
| 300 |
|
|
|a 903 p.;
|c 23 cm.
|
| 650 |
0 |
0 |
|a C++ (Computer program language)
|
| 700 |
1 |
|
|a Koffman, Elliot B
|
| 997 |
|
|
|a Communication, Visual Art & Computing, Faculty
|b Computing, Department
|
| 999 |
|
|
|a 0000054192
|b BOK
|c OPEN SHELF
|e 2nd Floor, Bestari Jaya
|